|
|
|
|
| LEADER |
01214pam a22003018a 4500 |
| 001 |
00044706 |
| 008 |
110506s1983 ||||||Viesd |
| 005 |
20190930150921.0 |
| 020 |
# |
# |
|a 9786049721304
|c 0
|
| 041 |
0 |
# |
|a Vie
|
| 082 |
1 |
4 |
|a 895.922 09
|b NH100V
|
| 245 |
0 |
0 |
|p Thơ - văn
|n Quyển 1
|a Nhà văn dân tộc thiểu số Việt Nam - Đời và văn
|c Hà Lý, Lò Ngân sủn,... [và những người khác]
|
| 260 |
# |
# |
|a Hà Nội
|b Hội Nhà văn
|c 2018
|
| 300 |
# |
# |
|a 491 tr.
|c 21 cm.
|
| 500 |
# |
# |
|a ĐTTS ghi : Liên hiệp các hội văn học nghệ thuật Việt Nam. Hội văn học nghệ thuật các dân tộc thiểu số Việt Nam
|
| 653 |
# |
# |
|a Nhà văn
|
| 653 |
# |
# |
|a Dân tộc thiểu số
|
| 653 |
# |
# |
|a Tiểu sử
|
| 653 |
# |
# |
|a Văn học Việt Nam
|
| 653 |
# |
# |
|a Tác phẩm
|
| 700 |
1 |
# |
|a Hà, Lý
|
| 700 |
1 |
# |
|a Lò, Ngân Sủn
|
| 700 |
1 |
# |
|a Nguyễn, Thị Chính
|
| 700 |
1 |
# |
|a Nông, Quốc Bình
|
| 700 |
1 |
# |
|a Trần, Phượng Trinh
|
| 852 |
# |
# |
|j KD.0025370
|
| 910 |
# |
# |
|d 27/9/2019
|
| 980 |
# |
# |
|a Trung tâm Học liệu Lê Vũ Hùng, Trường Đại học Đồng Tháp
|